000 00565nam a2200193Ia 4500
003 GCL
008 140319s9999 xx 000 0 ara d
040 _aGCL /
_cGCL
082 0 4 _a745.4
_bع ا
100 1 _aعمر النجدى
245 1 0 _aابجدية التصميم واستخدامها فى جميع المجالات /
_cعمر النجدى
300 _a367
490 _a100 قصة
_v0
650 0 4 _aالفنون
650 0 4 _aالتصميم الزخرفى
650 0 4 _aالفنون التشكيلية
650 0 4 _aالتصميم
942 _2ddc
_cBK
999 _c46432
_d46432